Водородопроницаемость покрытий нитрида титана, полученных методом вакуумно-дугового осаждения; Перспективы развития фундаментальных наук; Т. 1 : Физика

Detaylı Bibliyografya
Parent link:Перспективы развития фундаментальных наук=Prospects of Fundamental Sciences Development: сборник научных трудов XIV Международной конференции студентов, аспирантов и молодых ученых, г. Томск, 25-28 апреля 2017 г./ Национальный исследовательский Томский политехнический университет (ТПУ) ; под ред. И. А. Курзиной, Г. А. Вороновой.— , 2017
Т. 1 : Физика.— 2017.— [С. 414-416]
Yazar: Чжан Ле
Müşterek Yazar: Национальный исследовательский Томский политехнический университет (ТПУ) Физико-технический институт (ФТИ) Кафедра общей физики (ОФ)
Diğer Yazarlar: Сутыгина А. Н. Алина Николаевна (научный руководитель), Кашкаров Е. Б. Егор Борисович, Никитенков Н. Н. Николай Николаевич
Özet:Заглавие с экрана
This paper is devoted to investigation of element distribution and microparticles formation during deposition of titanium nitride coatings by cathodic vacuum arc with pulsed bias voltage. The results revealed that with the increase in bias voltage from -50 to -300 V, the quantity and size of microparticles decreased.
Dil:Rusça
Baskı/Yayın Bilgisi: 2017
Konular:
Online Erişim:http://earchive.tpu.ru/handle/11683/41498
Materyal Türü: MixedMaterials Elektronik Kitap Bölümü
KOHA link:https://koha.lib.tpu.ru/cgi-bin/koha/opac-detail.pl?biblionumber=622722

MARC

LEADER 00000naa2a2200000 4500
001 622722
005 20240115150932.0
035 |a (RuTPU)RU\TPU\conf\21524 
035 |a RU\TPU\conf\21523 
090 |a 622722 
100 |a 20170705d2017 k y0rusy50 ca 
101 0 |a rus 
102 |a RU 
105 |a y z 100zy 
135 |a drcn ---uucaa 
181 0 |a i  
182 0 |a b 
200 1 |a Водородопроницаемость покрытий нитрида титана, полученных методом вакуумно-дугового осаждения  |d Hydrogen permeability coating of titanium nitride, obtained by vacuum arc depozition  |f Чжан Ле, А. Н. Сутыгина, Е. Б. Кашкаров  |g науч. рук. Н. Н. Никитенков 
203 |a Текст  |c электронный 
300 |a Заглавие с экрана 
320 |a [Библиогр.: с. 416 (2 назв.)] 
330 |a This paper is devoted to investigation of element distribution and microparticles formation during deposition of titanium nitride coatings by cathodic vacuum arc with pulsed bias voltage. The results revealed that with the increase in bias voltage from -50 to -300 V, the quantity and size of microparticles decreased. 
461 1 |0 (RuTPU)RU\TPU\conf\21388  |t Перспективы развития фундаментальных наук  |l Prospects of Fundamental Sciences Development  |o сборник научных трудов XIV Международной конференции студентов, аспирантов и молодых ученых, г. Томск, 25-28 апреля 2017 г.  |o в 7 т.  |f Национальный исследовательский Томский политехнический университет (ТПУ) ; под ред. И. А. Курзиной, Г. А. Вороновой  |d 2017 
463 1 |0 (RuTPU)RU\TPU\conf\21389  |t Т. 1 : Физика  |v [С. 414-416]  |d 2017 
510 1 |a Hydrogen permeability coating of titanium nitride, obtained by vacuum arc depozition  |z eng 
610 1 |a труды учёных ТПУ 
610 1 |a электронный ресурс 
610 1 |a нитрид титана 
610 1 |a коррозионно-стойкие покрытия 
610 1 |a имплантанты 
610 1 |a плазменные фильтры 
610 1 |a водородное охрупчивание 
700 0 |a Чжан Ле 
701 1 |a Сутыгина  |b А. Н.  |c физик  |c техник Томского политехнического университета  |f 1993-  |g Алина Николаевна  |3 (RuTPU)RU\TPU\pers\37676 
701 1 |a Кашкаров  |b Е. Б.  |c физик  |c доцент, научный сотрудник Томского политехнического университета, кандидат физико-математических наук  |f 1991-  |g Егор Борисович  |3 (RuTPU)RU\TPU\pers\30728  |9 14999 
702 1 |a Никитенков  |b Н. Н.  |c российский физик  |c профессор Томского политехнического университета, доктор физико-математических наук  |f 1953-  |g Николай Николаевич  |4 727 
712 0 2 |a Национальный исследовательский Томский политехнический университет (ТПУ)  |b Физико-технический институт (ФТИ)  |b Кафедра общей физики (ОФ)  |3 (RuTPU)RU\TPU\col\18734 
801 2 |a RU  |b 63413507  |c 20170718  |g RCR 
856 4 |u http://earchive.tpu.ru/handle/11683/41498 
942 |c BK